00976nam a2200253Ia 450000500170000000800410001701600140005804000240007205000170009608200190011310000320013224501500016426000370031430000190035150000320037056300100040265000400041265000300045265000410048265000660052394200070058999900170059695201090061320251016163823.0210303s9999 xx 000 0 und d 2reto2022b aNLNbEnglisheAACR2 aPQ305b.A232 a840.90́091́2 aAdereth Maxwelleaut968040 0aCommitment in modern French language :ba brief study of "littérature engagée" in the works of Péguy, Aragon, and Sartre /cMaxwell Adereth aLondon :bVictor Gollancz,c1967 a239p. ;b23cm. aBibliography : p. [229]-235 a(pbk) aPéguy, Charles, 1873-1914 968041 aAragon, 1897-1982 968042 aSartre, Jean-Paul, 1905-1980 956618 aFrench literaturev20th centuryxHistory and criticism957395 cBK c22187d22187 00102lcc4070aLAGbMAINd2021-03-04l0oPQ305 .A232p2025-460775r2021-03-04 00:00:00w2021-03-04yBK